| 000 | 00438nam a22001577a 4500 | ||
|---|---|---|---|
| 005 | 20240820095712.0 | ||
| 008 | 240820b |||||||| |||| 00| 0 eng d | ||
| 082 |
_a332.17 _bBAN |
||
| 245 |
_aBanking Law and Practice/ _cThe Institute of Bankers in Pakistan |
||
| 260 |
_aKarachi; _bThe Institute of Bankers Pakistan; _c2002 |
||
| 300 |
_a156 p.: _c24.5 cm. |
||
| 490 | _vVol-II | ||
| 650 | _aSocial Sciences | ||
| 999 |
_c36414 _d36414 |
||